000 00440nam a22001457a 4500
008 230831b ||||| |||| 00| 0 eng d
020 _a9780486241882
041 _aeng
080 _2
_a521
082 _a521HEA
100 _a19
101 _aASTRO
245 _aARISTARCHUS OF SAMOS THE ANCIENT COPERNICUS
_cHEATH .TH
942 _2udc
_cBK
999 _c60209
_d60209